000 01333nam a22002657a 4500
005 20170124103157.0
010 _aA-394269
020 _c00.00
035 _aA-394269
037 _bCen Lib/Ret
040 _aDPL
_bHN
082 _a915.4
_bत्रिपाठी
100 _aत्रिपाठी, ब्रह्मदत्त
_943912
245 _aगंगा :
_cब्रह्मदत्त त्रिपाठी [और] अखिलेश्कुमार सिंह
_bहिमालय से सागर तक पारिस्थितिकी अध्ययन /
246 _aGanga : Himalay se sagar tak pristhitik adhyayan /
_bby Brahamdutt Tripathi [aur] Akhilesh Kumar Singh
260 _aवाराणसी
_bनागरीप्रचारिगी सभा
300 _a142पृ.
_c21सेमी(सजिल्द)
500 _aअनुक्रमणिका शामिल
650 _aभूगोल
_990243
650 _aभौगोलिक विवरण--जलविधुत क्षमता
_983475
650 _aGeography
_990244
650 _aTopographically--Water electric capacity
_990245
700 _aअखिलेश्कुमार सिंह
_99378
942 _2ddc
_cHN
_h915.4
_mत्रिपाठी
999 _c120399
_d120399